[Event "Match"]
[Site "www.echecsemail.com"]
[Date "2017.03.01"]
[Round "1"]
[White "Sonfamen"]
[Black "Iko"]
[WhiteElo "1809"]
[BlackElo "1640"]
[Result "0-1"]
[Round "1"]
1.Ng1f3 Ng8f6
2.c4 c5
3.e3 d5
4.Nb1c3 dxc4
5.Bf1xc4 Bc8g4
6.h3 Bg4xf3
7.Qd1xf3 Nb8c6
8.g4 Qd8d7
 { time }
0-1

[Event "Match"]
[Site "www.echecsemail.com"]
[Date "2017.03.01"]
[Round "1"]
[White "Mechjoura"]
[Black "Chapi"]
[WhiteElo "1809"]
[BlackElo "2040"]
[Result "1/2-1/2"]
[Round "1"]
1.d4 d5
2.Nb1c3 Ng8f6
3.Bc1f4 Bc8d7
4.f3 c5
5.dxc5 Nb8c6
6.Nc3xd5 Nf6xd5
7.Qd1xd5 e6
8.Qd5c4 Qd8a5
9.c3 Bf8xc5
10.e3 Qa5b6
11.Qc4e2 e5
12.b4 Nc6xb4
13.Bf4xe5 Bd7b5
14.Qe2xb5 Nb4c6
15.Be5xg7 Rh8g8
16.Bg7d4 Bc5xd4
17.exd4 Qb6xb5
18.Bf1xb5 O-O-O
19.O-O-O Rg8xg2
20.Ng1h3 Rg2xa2
21.Nh3g5 Kb8
22.Ng5xh7 Nc6xd4
23.cxd4 Rd8c8
24.Kb1 Rc8c2
25.Bb5d3 { draw }
1/2-1/2

[Event "Match"]
[Site "www.echecsemail.com"]
[Date "2017.03.01"]
[Round "1"]
[White "Milkyway"]
[Black "Chapi"]
[WhiteElo "1920"]
[BlackElo "2080"]
[Result "0-1"]
[Round "1"]
1.e4 c5
2.Ng1f3 Nb8c6
3.d4 cxd4
4.Nf3xd4 g6
5.c4 Bf8g7
6.Bc1e3 Ng8f6
7.f3 O-O
8.Bf1e2 Qd8b6
9.Nd4xc6 Qb6xc6
10.Nb1d2 d6
11.O-O Bc8d7
12.Ra1c1 b6
13.b4 a5
14.b5 Qc6b7
15.Be3g5 Bd7e6
16.Nd2b3 h6
17.Bg5xf6 Bg7xf6
18.Nb3d4 Be6d7
19.Nd4b3 Ra8c8
20.Nb3d4 Qb7c7
21.Kh1 Qc7c5
22.Nd4b3 Qc5b4
23.Qd1d2 Qb4xd2
24.Nb3xd2 Rc8c7
25.Nd2b3 Rf8c8
26.g3 Bd7e6
27.Nb3d2 Bf6b2
28.Rc1c2 Bb2a3
29.Kg2 Ba3b4
30.f4 Bb4xd2
31.Rc2xd2 Be6xc4
32.Be2xc4 Rc7xc4
33.Rd2e2 Rc4b4
34.Rf1e1 Rb4xb5
35.e5 d5
36.Kf2 Rb5c5
37.Re1b1 b5
38.Rb1d1 e6
39.Rd1d2 b4
40.Rd2b2 Rc8b8
41.a3 b3
42.Kf3 a4
{ resign }
0-1

[Event "Match"]
[Site "www.echecsemail.com"]
[Date "2017.03.01"]
[Round "1"]
[White "Hundegana"]
[Black "Coraza"]
[WhiteElo "1980"]
[BlackElo "1800"]
[Result "1-0"]
[Round "1"]
1.e4 e5
2.b3 Bf8c5
3.Ng1f3 Ng8f6
4.d3 Nf6g4
5.d4 Bc5d6
6.Nf3xe5 Ng4xe5
7.dxe5 Bd6xe5
8.c3 Qd8f6
9.Bc1d2 O-O
10.g3 Nb8c6
11.a3 a6
12.Ra1a2 Rf8e8
13.Bf1g2 Be5d6
14.O-O b5
15.Qd1f3 Qf6xf3
16.Bg2xf3 Nc6e5
17.Bf3e2 Bc8b7
18.f3 Bd6c5
19.Kg2 d5
20.b4 Bc5b6
21.Bd2f4 Ne5g6
22.Bf4d2 dxe4
23.Be2d1 e3
24.Bd2e1 Ra8d8
25.Bd1e2 a5
26.Be2xb5 Re8e5
27.a4 c6
28.Bb5e2 Ng6e7
29.c4 c5
30.b5 h5
31.h4 Bb6c7
32.Nb1c3 Re5e6
33.Kh3 Bb7c8
34.Kh2 Re6g6
35.Nc3e4 f5
36.Ne4xc5 Bc7d6
37.Be1xa5 Rd8f8
38.Nc5d3 Bd6xg3
39.Kh3 f4
40.Kg2 Bg3xh4
41.Kh1 Ne7f5
42.Rf1g1 Nf5g3
43.Kh2 Rf8f5
44.Kh3 Rf5g5
45.Kh2 Ng3xe2
46.Rg1xg5 Bh4xg5
47.Ra2xe2 Bg5h4
48.Nd3xf4 Bh4g3
49.Kh1 Bg3xf4
50.c5 Bc8e6
51.Ba5e1 Be6c4
52.Re2g2 Rg6e6
53.b6 Bc4a6
54.Rg2c2 Ba6b7
55.Kg2 g5
56.a5 g4
57.a6 gxf3
58.Kh3 Bb7xa6
59.c6 f2
60.Be1xf2 e2
61.Bf2e1 Ba6c8
62.Kh4 Re6e5
63.b7 Bf4g5
64.Kg3 h4
65.Kf2 Bc8xb7
66.cxb7 Bg5e3
67.Kf3 Be3a7
68.Rc2c8 Kg7
69.b8Q Ba7xb8
70.Rc8xb8 h3
71.Rb8b1 Re5g5
72.Kxe2 h2
73.Be1c3 Kg6
74.Rb1h1 Rg5g2
75.Kf3 Rg2c2
76.Bc3e5 Kf5
77.Be5xh2 Rc2c3
78.Ke2 Ke4
79.Bh2d6 Rc3c2
80.Kd1 Kd3
81.Rh1h3 Kd4
82.Kxc2 Kd5
83.Rh3d3 Kc4
84.Bd6e7 Kb5
85.Kb3 Kc6
86.Kb4 Kb7
87.Kb5 Kc8
88.Kb6 { resign }
1-0

[Event "Match"]
[Site "www.echecsemail.com"]
[Date "2017.03.01"]
[Round "1"]
[White "Calponas"]
[Black "Genius3"]
[WhiteElo "2030"]
[BlackElo "1850"]
[Result "1-0"]
[Round "1"]
1.e4 c5
2.d4 cxd4
3.c3 d5
4.Qd1xd4 dxe4
5.Qd4xd8 Kxd8
6.Bc1f4 Nb8c6
7.Nb1d2 f5
8.g4 g6
9.O-O-O Ke8
10.g5 Bc8e6
11.Kb1 Bf8g7
12.Bf1b5 Be6d7
13.Nd2f1 e5
14.Bf4e3 Ng8e7
15.f4 exf4
16.Be3xf4 a6
17.Bb5a4 b5
18.Ba4b3 Bg7e5
19.Ng1e2 Be5xf4
20.Ne2xf4 a5
21.Nf1e3 a4
22.Bb3d5 Ne7xd5
23.Rd1xd5 Nc6e7
24.Rd5d6 Ne7c6
25.Rh1d1 Ra8a7
26.Ne3d5 Rh8f8
27.Nd5f6 Rf8xf6
28.gxf6 Nc6b8
29.Nf4d5 Ra7a6
30.Nd5c7 { resign }
1-0

[Event "Match"]
[Site "www.echecsemail.com"]
[Date "2017.03.01"]
[Round "1"]
[White "Forest"]
[Black "Pwain"]
[WhiteElo "1760"]
[BlackElo "2400"]
[Result "0-1"]
[Round "1"]
1.d4 d5
2.c4 e6
3.Nb1c3 Bf8e7
4.Ng1f3 Ng8f6
5.cxd5 exd5
6.Bc1g5 O-O
7.e3 h6
8.Bg5h4 Bc8e6
9.Bf1d3 Nb8d7
10.O-O c6
11.Qd1e2 Rf8e8
12.a3 a5
13.Nf3e5 Nd7xe5
14.dxe5 Nf6d7
15.Bh4xe7 Qd8xe7
16.f4 Nd7c5
17.f5 Be6d7
18.Bd3c2 Qe7xe5
19.f6 Qe5xe3
20.Qe2xe3 Re8xe3
21.fxg7 Ra8e8
22.Rf1f2 Re3e1
23.Ra1xe1 Re8xe1
24.Rf2f1 Re1xf1
25.Kxf1 Kxg7
26.Kf2 Kf6
{ resign }
0-1

[Event "Match"]
[Site "www.echecsemail.com"]
[Date "2017.03.01"]
[Round "1"]
[White "Genius7"]
[Black "Guidom"]
[WhiteElo "1960"]
[BlackElo "2070"]
[Result "1/2-1/2"]
[Round "1"]
1.d4 d5
2.c4 c6
3.cxd5 Qd8xd5
4.Nb1c3 Qd5a5
5.e4 Ng8f6
6.Bf1d3 e5
7.dxe5 Qa5xe5
8.Ng1f3 Qe5c7
9.O-O Bf8e7
10.h3 O-O
11.Qd1e2 Nb8d7
12.Bc1g5 h6
13.Bg5h4 Nd7e5
14.Bh4g3 Be7d6
15.Nf3xe5 Bd6xe5
16.Bg3xe5 Qc7xe5
17.Ra1d1 Bc8e6
18.Bd3c2 Rf8d8
19.Rd1xd8 Ra8xd8
20.Rf1d1 Rd8xd1
21.Qe2xd1 g6
22.Qd1d8 Kg7
23.Qd8d2 { draw }
1/2-1/2

[Event "Match"]
[Site "www.echecsemail.com"]
[Date "2017.03.01"]
[Round "1"]
[White "Coraza8091"]
[Black "Gambitmiau"]
[WhiteElo "1490"]
[BlackElo "1840"]
[Result "1-0"]
[Round "1"]
1.e4 Nb8c6
2.Bf1c4 e6
3.d4 d5
4.exd5 exd5
5.Bc4b5 Bc8d7
6.Bb5xc6 Bd7xc6
7.Qd1e2 Qd8e7
8.Qe2xe7 Bf8xe7
9.Ng1f3 Ng8f6
10.Nb1c3 Be7b4
11.O-O Bb4xc3
12.bxc3 Nf6e4
13.Bc1b2 O-O-O
14.Nf3e5 Rh8f8
15.f3 Bc6b5
16.Rf1e1 Ne4d2
17.a4 Bb5a6
18.Bb2a3 Rf8e8
19.Ne5xf7 Re8xe1
20.Ra1xe1 Rd8g8
21.Re1d1 Nd2c4
22.Ba3c5 b6
23.Bc5e7 Rg8e8
24.Be7h4 Nc4b2
25.Rd1a1 Nb2c4
26.Nf7g5 h6
27.Ng5f7 Nc4d2
28.Nf7e5 c5
29.Ne5f7 Kd7
30.Nf7e5 Kc7
31.Bh4g3 Kd8
32.Ne5c6 Kc8
33.Nc6b8 Ba6b7
34.Ra1d1 Nd2c4
35.dxc5 Nc4e3
36.Rd1e1 Kd8
37.Kf2 Kc8
38.Re1xe3 Kd8
39.Bg3h4 g5
40.Bh4g3 bxc5
41.a5 { resign }
1-0

[Event "1/64 Finale"]
[Site "www.chess-mail.com"]
[Date "2017.03.01"]
[Round "1"]
[White "Lucaschess"]
[Black "Al3x"]
[WhiteElo "1979"]
[BlackElo "2130"]
[Result "1-0"]
[Round "1"]
1.e4 e5
2.Ng1f3 Nb8c6
3.Bf1c4 Bf8c5
4.b4 Bc5xb4
5.c3 Bb4a5
6.d4 exd4
7.Qd1b3 Qd8e7
8.O-O dxc3
9.Bc1g5 f6
10.Bc4xg8 fxg5
11.Nf3xg5 Nc6d4
12.Bg8f7 Kd8
13.Qb3d5 Nd4e2
14.Kh1 Ba5b6
15.Ng5e6  { time }
1-0

[Event "1/128 Finale"]
[Site "www.chess-mail.com"]
[Date "2017.03.01"]
[Round "1"]
[White "Bitcoin"]
[Black "Pdebonis"]
[WhiteElo "1809"]
[BlackElo "2280"]
[Result "1-0"]
[Round "1"]
1.e4 c5
2.Ng1f3 Nb8c6
3.d4 cxd4
4.Nf3xd4 Ng8f6
5.Nb1c3 d6
6.Bc1g5 e6
7.Qd1d2 Bf8e7
8.O-O-O a6
9.f4 Bc8d7
10.Nd4f3 b5
11.Bg5xf6 gxf6
12.Kb1 Ra8c8
13.g4 b4
14.Nc3e2 a5
15.h4 a4
16.g5 a3
17.gxf6 Be7xf6
18.e5 Bf6e7
19.exd6 Be7f8
20.Ne2d4 Qd8f6
21.Bf1b5 Bf8xd6
22.Nf3e5 Nc6xe5
23.fxe5 Qf6xe5
24.Rh1e1 Qe5g7
25.Bb5xd7 Kxd7
26.Qd2d3 Rc8c5
27.Qd3a6 Rh8g8
28.Qa6b7 Rc5c7
29.Qb7b5 Kc8
30.Qb5a6 Kd7
31.Qa6b6 Qg7g2
32.Qb6b5 Ke7
33.Qb5d3 Rg8d8
34.Rd1d2 Qg2g4
35.Nd4f5 Kf8
36.Nf5xd6 Rc7d7
37.Qd3a6 Ke7
38.Rd2d4 Qg4h5
39.Nd6xf7 Qh5xf7
40.Rd4xd7 Rd8xd7
41.Qa6b6 Qf7h5
42.Qb6xb4 Ke8
43.bxa3 Qh5d5
44.a4 Rd7c7
45.Re1f1 Qd5c5
46.c3 Kd7
47.Rf1f7 Ke8
48.Rf7xc7 Qc5xc7
49.a5 Kd7
50.a6 Kc6
51.a4 { resign }
1-0

[Event "Eq:Slap Shot Mates-Equipo Juan Diaz : "]
[Site "www.chess-mail.com"]
[Date "2017.03.01"]
[Round "1"]
[White "Naujzaid"]
[Black "Geodad5"]
[WhiteElo "2120"]
[BlackElo "2140"]
[Result "1-0"]
[Round "1"]
1.d4 d5
2.c4 e6
3.Nb1c3 Ng8f6
4.cxd5 exd5
5.Bc1g5 Bf8e7
6.e3 O-O
7.Bf1d3 Nb8d7
8.Qd1c2 h6
9.Bg5h4 c6
10.Ng1f3 Qd8c7
11.O-O Rf8e8
12.Ra1c1 a6
13.Bd3f5 Nd7b6
14.Nf3e5 Bc8xf5
15.Qc2xf5 Ra8d8
16.Bh4g3 Be7d6
17.Rf1e1 Nb6d7
18.f4 g6
19.Ne5xg6 fxg6
20.Qf5xg6 Kh8
21.Qg6xh6 Nf6h7
22.Nc3xd5 Qc7b8
23.Nd5c3 Nd7f8
24.Bg3h4 Bd6e7
25.Bh4xe7 Re8xe7
26.g4 Rd8d6
27.Qh6h4 Qb8e8
28.Kf2 Rd6e6
29.e4 Nf8g6
30.Qh4g3 Ng6xf4
31.Kg1 Nf4g6
32.h4 Qe8d8
33.Rc1d1 Re7d7
34.h5 Ng6f8
35.d5 Qd8b6
36.Qg3f2 Qb6xf2
37.Kxf2 Re6f6
38.Kg3 cxd5
39.Nc3xd5 Rf6c6
40.Re1e2 Rd7f7
41.Kh4 Kg7
42.g5 Rf7d7
43.Re2f2 Nf8e6
44.h6 Kg6
45.Nd5f4 Ne6xf4
46.Rd1xd7 Nh7xg5
47.Rf2xf4 Kxh6
48.Rd7xb7 Rc6g6
49.Rf4f5 { resign }
1-0

[Event "Tourn. n9242"]
[Site "www.chess-mail.com"]
[Date "2017.03.02"]
[Round "1"]
[White "Orhany24"]
[Black "Bojan"]
[WhiteElo "2240"]
[BlackElo "2030"]
[Result "0-1"]
[Round "1"]
1.e4 e5
2.Ng1f3 Nb8c6
3.d4 exd4
4.Nf3xd4 Qd8f6
5.Nd4xc6 dxc6
6.Bf1d3 Bc8e6
7.O-O Bf8d6
8.c4 Ra8d8
9.Qd1e2 Ng8e7
10.Nb1c3 Ne7g6
11.h3 Qf6e5
12.Bc1e3 b6
13.f4 Qe5a5
14.f5 Qa5e5
15.fxg6 Qe5h2
16.Kf2 Qh2g3
17.Kg1 hxg6
18.Rf1f3 Qg3h4
19.Be3f2 Qh4e7
20.Ra1f1 g5
21.Bf2g3 Bd6b4
22.Bd3c2 g4
23.hxg4 Be6xg4
24.a3 Bb4d6
25.e5 Bd6c5
26.Bg3f2 Bg4xf3
27.Qe2xf3 Rd8d2
28.Bc2e4 Qe7h4
{ resign }
0-1

[Event "Tourn. n9227"]
[Site "www.chess-mail.com"]
[Date "2017.03.02"]
[Round "1"]
[White "Norlavuaram"]
[Black "Al3x"]
[WhiteElo "2160"]
[BlackElo "2130"]
[Result "1-0"]
[Round "1"]
1.e4 e5
2.Ng1f3 Nb8c6
3.Bf1b5 a6
4.Bb5a4 Ng8f6
5.O-O b5
6.Ba4b3 Bf8e7
7.Rf1e1 O-O
8.c3 Bc8b7
9.d4 exd4
10.cxd4 Nc6a5
11.Bb3c2 Be7b4
12.Nb1c3 Rf8e8
13.Bc1g5 h6
14.Bg5h4 Na5c4
15.Qd1c1 Bb4e7
16.a3 Nf6h7
17.Bh4g3 Nh7g5
18.Nf3xg5 Be7xg5
19.f4 Bg5h4
20.b3  { time }
1-0

[Event "Tourn. n9196"]
[Site "www.chess-mail.com"]
[Date "2017.03.02"]
[Round "1"]
[White "Genius3"]
[Black "Odin"]
[WhiteElo "1910"]
[BlackElo "1890"]
[Result "0-1"]
[Round "1"]
1.d4 d5
2.Nb1c3 Ng8f6
3.Bc1g5 c6
4.e3 Nb8d7
5.Bf1d3 h6
6.Bg5xf6 Nd7xf6
7.Ng1f3 Bc8g4
8.h3 Bg4h5
9.Bd3e2 Qd8a5
10.O-O e6
11.Nf3e5 Bh5xe2
12.Qd1xe2 Bf8d6
13.Ne5d3 O-O
14.a3 Ra8d8
15.b4 Qa5b6
16.Nd3c5 Bd6b8
17.Ra1b1 Qb6c7
18.b5 Qc7h2
{ resign }
0-1

[Event "Tourn. n9224"]
[Site "www.chess-mail.com"]
[Date "2017.03.02"]
[Round "1"]
[White "Picifarkinca"]
[Black "Attatroll"]
[WhiteElo "1820"]
[BlackElo "1970"]
[Result "1-0"]
[Round "1"]
1.e3 e5
2.c4 Ng8f6
3.Nb1c3 Bf8c5
4.d4 exd4
5.exd4 Bc5b4
6.Bf1d3 O-O
7.Ng1e2 Rf8e8
8.O-O d6
9.a3 Bb4xc3
10.Ne2xc3 Nb8c6
11.d5 Nc6e5
12.Bd3e2 Bc8f5
13.Bc1g5 h6
14.Bg5xf6 Qd8xf6
15.Nc3b5 Qf6e7
16.Rf1e1 Qe7d7
17.Nb5d4 Bf5g6
18.f4 c5
19.fxe5 cxd4
20.Be2g4 Qd7a4
21.Qd1xa4 { resign }
1-0

[Event "Tourn. n9209"]
[Site "www.chess-mail.com"]
[Date "2017.03.02"]
[Round "1"]
[White "Cal"]
[Black "Redabond"]
[WhiteElo "1650"]
[BlackElo "1660"]
[Result "0-1"]
[Round "1"]
1.c4 e5
2.e4 Bf8c5
3.Ng1f3 Nb8c6
4.Nb1c3 d6
5.h3 Ng8f6
6.a3 O-O
7.d3 Bc8e6
8.Nc3a4 Nc6d4
9.Bc1e3 Nd4xf3
10.Qd1xf3 Bc5xe3
11.Qf3xe3 c6
12.Bf1e2 d5
13.cxd5 cxd5
14.Na4c5 Qd8a5
15.b4 Qa5c7
16.O-O b6
17.Nc5a6 Qc7b7
18.f4 Qb7xa6
19.f5 Be6d7
20.d4 Bd7b5
21.dxe5 Nf6xe4
22.Be2xb5 Qa6xb5
23.Ra1c1 Ra8c8
24.Rf1f4 Rc8xc1
25.Qe3xc1 Qb5d3
26.Rf4g4 Qd3d4
27.Kh2 Qd4xe5
28.g3 Qe5xf5
29.Qc1c2 Qf5f2
30.Qc2xf2 Ne4xf2
31.Rg4d4 Rf8e8
32.Rd4xd5 Kf8
33.Rd5d7 Re8e7
34.Rd7d2 Nf2e4
35.Rd2d8 Re7e8
36.Rd8d7 Re8a8
37.h4 Ke8
38.Rd7d4 Ne4c3
39.Rd4c4 Nc3b5
40.a4 Nb5d6
41.Rc4d4 Ke7
42.g4 Ra8c8
43.b5 Rc8c4
44.Rd4xc4 Nd6xc4
45.Kg3 Nc4b2
46.Kf4 Nb2xa4
47.Ke5 Na4c3
48.Kd4 Nc3xb5
49.Kd5 a5
50.Kc4 a4
51.Kxb5 a3
{ resign }
0-1

[Event "Tourn. n9113"]
[Site "www.chess-mail.com"]
[Date "2017.03.02"]
[Round "1"]
[White "Fred"]
[Black "Genius3"]
[WhiteElo "2000"]
[BlackElo "1860"]
[Result "0-1"]
[Round "1"]
1.e4 g6
2.f4 Bf8g7
3.Ng1f3 d6
4.d4 Ng8f6
5.Bf1d3 O-O
6.O-O Bc8g4
7.h3 Bg4xf3
8.Qd1xf3 Nb8d7
9.f5 c5
10.c3 cxd4
11.cxd4 Ra8c8
12.Nb1c3 a6
13.Bc1f4 b5
14.a3 Nd7b6
15.e5 dxe5
16.dxe5 Nf6d5
17.Nc3xd5 Nb6xd5
18.Bd3e4 Nd5xf4
19.Qf3xf4 Qd8d4
20.Kh1 Qd4xe5
21.Qf4xe5 Bg7xe5
22.Rf1f2 Be5d4
23.Rf2e2 Bd4f6
24.Be4b7 Rc8b8
25.Bb7d5 a5
26.fxg6 hxg6
27.Ra1c1 e6
28.Bd5e4 Kg7
29.Rc1c7 b4
30.a4 Rf8c8
31.Rc7a7 Rc8c5
32.Be4d3 Rc5d5
33.Bd3c4 Rd5d1
34.Kh2 Rb8d8
35.Bc4xe6 Rd8f8
36.b3 Kg8
37.Be6c4 Bf6d4
38.Re2e4 Bd4xa7
39.Re4g4 Ba7b8
40.g3 Rd1d2
41.Kg1 Kg7
42.h4 Bb8a7
43.Kf1 Rd2f2
44.Ke1 Rf8e8
45.Kd1 Re8d8
46.Kc1 Ba7e3
47.Kb1 Rd8d1
{ resign }
0-1

[Event "Tourn. n9217"]
[Site "www.chess-mail.com"]
[Date "2017.03.02"]
[Round "1"]
[White "Autmich"]
[Black "Pachi"]
[WhiteElo "1690"]
[BlackElo "1520"]
[Result "1-0"]
[Round "1"]
1.e4 e5
2.Ng1f3 d6
3.d4 f6
4.dxe5 fxe5
5.Nf3xe5 dxe5
6.Qd1h5 Ke7
7.Qh5xe5 Bc8e6
8.Bc1g5 Ng8f6
9.Nb1c3 c6
10.Bf1c4 Qd8d6
11.Qe5xd6 Kxd6
12.O-O-O Ke7
13.Bc4xe6 Kxe6
14.f4 Nf6g4
15.Bg5h4 h6
16.h3 Ng4e3
17.Rd1d2 Ne3xg2
18.Rd2xg2 Nb8d7
19.f5 Ke5
20.Bh4g3 Kf6
21.Rh1e1 Ra8e8
22.Bg3h2 Nd7c5
23.Rg2g6 Kf7
24.e5 Ke7
25.Nc3e4 Kd7
26.Ne4xc5 Bf8xc5
27.Rg6xg7 Kc8
28.e6 Rh8f8
29.Rg7c7 Kb8
30.Rc7xc6 Ka8
31.Rc6xc5 b6
32.Rc5d5 a5
33.Bh2d6 Rf8g8
34.f6 Rg8g2
35.f7 Re8c8
36.c3 Rg2f2
37.f8Q Rf2xf8
38.Bd6xf8 Rc8xf8
39.e7 Rf8e8
40.Rd5d8 Re8xd8
41.exd8Q Kb7
42.a4 h5
43.Qd8d7 Ka6
44.Re1e8 h4
45.Qd7b5 Kb7
46.Re8e7 Kc8
47.Qb5e8 
1-0

[Event "Tourn. n9142"]
[Site "www.chess-mail.com"]
[Date "2017.03.02"]
[Round "1"]
[White "Numanoid"]
[Black "Aperturaf"]
[WhiteElo "2410"]
[BlackElo "2380"]
[Result "0-1"]
[Round "1"]
1.d4 e6
2.e4 d5
3.e5 c5
4.c3 Nb8c6
5.Ng1f3 Qd8b6
6.Bf1e2 cxd4
7.cxd4 Ng8h6
8.Be2d3 Bc8d7
9.Bd3c2 Nh6f5
10.Bc2xf5 exf5
11.Nb1c3 Bd7e6
12.O-O Ra8c8
13.Ra1b1 h6
14.h4 Bf8e7
15.Nc3e2 O-O
16.Ne2f4 Qb6b5
17.Bc1d2 Qb5c4
18.b3 Qc4a6
19.b4 Qa6b6
20.Bd2e3 Qb6b5
21.g3 Rf8e8
22.a4 Qb5c4
 { time }
0-1

[Event "Tourn. n9257"]
[Site "www.chess-mail.com"]
[Date "2017.03.02"]
[Round "1"]
[White "Momahony"]
[Black "Pdebonis"]
[WhiteElo "2279"]
[BlackElo "2520"]
[Result "0-1"]
[Round "1"]
1.d4 Ng8f6
2.Ng1f3 e6
3.Bc1f4 c5
4.e3 Nb8c6
5.c3 d5
6.Bf1d3 Bf8d6
7.Bf4g3 O-O
8.Nb1d2 b6
9.Nf3e5 Bc8b7
10.Qd1f3 a5
11.O-O Qd8b8
12.Qf3f4 Nc6xe5
13.dxe5 Bd6c7
14.Nd2f3 Bb7a6
15.Rf1d1 Ba6xd3
16.Rd1xd3 Nf6e4
17.Qf4h4 h6
18.Ra1d1 b5
19.Rd1c1 c4
20.Rd3d1 b4
21.Rc1c2 b3
22.axb3 cxb3
23.Rc2c1 a4
24.Nf3d2 Ne4xd2
25.Rd1xd2 a3
26.f4 a2
27.Rd2d1 Ra8a4
28.Qh4e7 Rf8e8
29.Qe7d7 Ra4a7
30.Qd7c6 Re8c8
31.Bg3f2 Bc7xe5
32.Qc6xc8 Qb8xc8
33.fxe5 Qc8a6
{ resign }
0-1

[Event "Tourn. n9195"]
[Site "www.chess-mail.com"]
[Date "2017.03.02"]
[Round "1"]
[White "Powerchess"]
[Black "Cal"]
[WhiteElo "1500"]
[BlackElo "1630"]
[Result "1/2-1/2"]
[Round "1"]
1.c4 e5
2.Nb1c3 Ng8f6
3.g3 Nb8c6
4.Bf1g2 a6
5.d3 Bf8b4
6.Bc1d2 Nc6d4
7.Ng1f3 d6
8.O-O h6
9.a3 Bb4a5
10.b4 Ba5b6
11.Nf3xd4 Bb6xd4
12.Ra1c1 Bd4xc3
13.Bd2xc3 c6
14.c5 d5
15.d4 exd4
16.Bc3xd4 Bc8e6
17.Bd4xf6 Qd8xf6
18.e3 O-O
19.Qd1d4 Qf6g5
20.h4 Qg5g6
21.Rf1e1 f5
22.Rc1d1 Ra8d8
23.Rd1c1 h5
24.Re1d1 Rd8d7
25.Qd4e5 { draw }
1/2-1/2

[Event "Tourn. n9180"]
[Site "www.chess-mail.com"]
[Date "2017.03.02"]
[Round "1"]
[White "Francesco"]
[Black "Andychesston"]
[WhiteElo "1970"]
[BlackElo "1990"]
[Result "1-0"]
[Round "1"]
1.e4 e5
2.Ng1f3 Nb8c6
3.d4 d6
4.dxe5 Bc8g4
5.exd6 Bf8xd6
6.Bf1b5 Ng8e7
7.O-O O-O
8.Bc1g5 Nc6e5
9.Nb1d2 f6
10.Bg5h4 Ne7g6
11.Bh4g3 a6
12.Bb5a4 b5
13.Ba4b3 Kh8
14.Bb3d5 Ra8b8
15.h3 c6
16.Bd5b3 Bg4xf3
17.Nd2xf3 c5
18.c3 c4
19.Bb3c2 Qd8c7
20.Nf3xe5 Ng6xe5
21.Qd1d5 Rb8d8
22.Qd5d2 Ne5f3
23.gxf3 Bd6xg3
24.Qd2e3 Bg3f4
25.Qe3e2 Qc7e5
26.Rf1d1 Rd8d6
27.Rd1xd6 Qe5xd6
28.Ra1d1 Qd6e6
29.Qe2f1 Qe6f7
30.Qf1g2 g5
31.Qg2g4 h5
32.Qg4f5 Bf4e5
33.Rd1d7 Qf7xd7
34.Qf5xd7 Rf8g8
35.Qd7a7 g4
36.hxg4 h4
37.Qa7xa6 Rg8g6
38.Qa6xb5 h3
39.a4 h2
40.Kh1 Rg6h6
41.g5 Rh6g6
42.Qb5e8 Kg7
43.gxf6 Kxf6
44.f4 { resign }
1-0

[Event "Tourn. n9252"]
[Site "www.chess-mail.com"]
[Date "2017.03.02"]
[Round "1"]
[White "Ingauno64"]
[Black "Darko10"]
[WhiteElo "2660"]
[BlackElo "2680"]
[Result "0-1"]
[Round "1"]
1.Ng1f3 d5
2.d4 Ng8f6
3.g3 c5
4.Bf1g2 cxd4
5.O-O h6
6.Nf3xd4 e5
7.Nd4b3 Nb8c6
8.c4 d4
9.e3 Bc8g4
10.f3 Bg4e6
11.exd4 exd4
12.Rf1e1 Bf8b4
13.Bc1d2 Bb4e7
14.Nb1a3 O-O
15.Bg2f1 Rf8e8
16.Ra1c1 a5
17.Na3b5 a4
18.Nb3a1 d3
19.Re1xe6 Be7c5
20.Kg2 Re8xe6
21.Bd2f4 Qd8e7
22.Bf1xd3 Ra8d8
23.Qd1f1 Nc6b4
24.Rc1d1 Nb4xd3
25.Rd1xd3 Re6e2
{ resign }
0-1

[Event "Tourn. n9183"]
[Site "www.chess-mail.com"]
[Date "2017.03.02"]
[Round "1"]
[White "Cal"]
[Black "Genius9"]
[WhiteElo "1560"]
[BlackElo "1620"]
[Result "0-1"]
[Round "1"]
1.c4 e6
2.a3 d5
3.cxd5 exd5
4.d4 Ng8f6
5.Nb1c3 Bf8d6
6.h3 c6
7.Ng1f3 O-O
8.e3 Rf8e8
9.Bf1d3 Nb8d7
10.b4 Nd7f8
11.O-O Nf8g6
12.Nc3e2 Nf6e4
13.Bd3xe4 Re8xe4
14.Nf3g5 Qd8xg5
15.Ne2g3 Re4e8
16.Qd1f3 Bd6xg3
17.fxg3 f5
18.e4 dxe4
19.Qf3b3 Bc8e6
20.Qb3c3 Qg5f6
21.Qc3e3 Qf6e7
22.g4 fxg4
23.Qe3xe4 gxh3
24.g3 Qe7d7
25.Qe4d3 Qd7d5
26.Bc1b2 Qd5g2
{ resign }
0-1

[Event "Tourn. n9124"]
[Site "www.chess-mail.com"]
[Date "2017.03.02"]
[Round "1"]
[White "Caspito"]
[Black "Genius3"]
[WhiteElo "1880"]
[BlackElo "1860"]
[Result "0-1"]
[Round "1"]
1.e4 c5
2.b3 Nb8c6
3.Bc1b2 d6
4.Bf1b5 Bc8d7
5.Nb1c3 e6
6.Ng1f3 a6
7.Bb5e2 Ng8f6
8.O-O Bf8e7
9.d4 cxd4
10.Nf3xd4 O-O
11.a3 Nc6xd4
12.Be2d3 b5
13.b4 Ra8c8
14.Qd1e1 Nd4c6
15.Nc3e2 e5
16.Bb2c1 Rf8e8
17.f3 h6
18.Qe1g3 Kf8
19.f4 exf4
20.Qg3xf4 Nc6e5
21.Ne2g3 Ne5g6
22.Qf4d2 Kg8
23.c3 Ng6e5
24.Bc1b2 Ne5xd3
25.Qd2xd3 Bd7e6
26.Qd3d2 Be6c4
27.a4 Qd8c7
28.Rf1f3 Bc4e6
29.axb5 axb5
30.h3 Rc8a8
31.Qd2c1 Qc7b7
32.Qc1c2 Ra8xa1
33.Bb2xa1 Be6c4
34.Rf3f4 Re8a8
35.Ba1b2 Ra8a2
36.Kh2 d5
37.e5 Nf6d7
38.Rf4f5 Nd7f8
39.Qc2f2 Be7h4
40.Rf5h5 Bh4xg3
41.Qf2xg3 Nf8g6
42.Bb2c1 Bc4f1
43.Kh1 Ra2xg2
44.Qg3f3 Rg2c2
45.Qf3xf1 d4
46.Kg1 d3
47.Bc1e3 Rc2e2
48.Be3xh6 gxh6
49.Rh5xh6 Qb7e7
50.Rh6h5 Qe7a7
51.Kh1 Re2f2
{ resign }
0-1

[Event "Tourn. n9081"]
[Site "www.chess-mail.com"]
[Date "2017.03.02"]
[Round "1"]
[White "Genius3"]
[Black "Al3x"]
[WhiteElo "1840"]
[BlackElo "2100"]
[Result "1-0"]
[Round "1"]
1.d4 Ng8f6
2.Bc1f4 d5
3.e3 Nb8c6
4.Ng1f3 Bc8g4
5.Bf1e2 e6
6.O-O Bf8e7
7.Nb1d2 O-O
8.c4 Nf6h5
9.cxd5 Nh5xf4
10.dxc6 Nf4xe2
11.Qd1xe2 bxc6
12.Qe2c4 Qd8d5
13.Ra1c1 Be7d6
14.Qc4xc6 Qd5xa2
15.b3 Qa2a5
16.h3 Bg4xf3
17.Nd2xf3 Qa5b6
18.Qc6xb6 axb6
19.Nf3e5 Ra8a3
20.Rc1b1 Rf8a8
21.Rf1c1 Kf8
22.Ne5c4 Ra3a6
23.g3 Ke7
24.Nc4xd6 Kxd6
25.Rc1c3 Ra6a2
26.Rb1c1 Ra8a7
27.Rc3c6 Kd7
28.Rc6c4 Ra2b2
29.b4 b5
30.Rc4c5 Rb2xb4
31.d5 exd5
32.Rc5xd5 Ke6
33.Rd5d3 Rb4b2
34.Rc1c6 Ke7
35.Rd3c3 Kd7
36.Rc6c5 b4
37.Rc3d3 Kc8
38.Rd3d5 Ra7b7
39.Rd5e5 Rb2b1
40.Kg2 b3
41.Rc5d5 c6
42.Re5e8 Kc7
43.Re8e7  { time }
1-0

[Event "Tourn. n9276"]
[Site "www.chess-mail.com"]
[Date "2017.03.02"]
[Round "1"]
[White "Autmich"]
[Black "Sozaro"]
[WhiteElo "1700"]
[BlackElo "1699"]
[Result "0-1"]
[Round "1"]
1.e4 e5
2.Ng1f3 Nb8c6
3.Bf1c4 Bf8c5
4.c3 Ng8f6
5.d4 exd4
6.cxd4 Bc5b4
7.Bc1d2 Nf6xe4
{ resign }
0-1

[Event "Tourn. n9262"]
[Site "www.chess-mail.com"]
[Date "2017.03.02"]
[Round "1"]
[White "Bojan"]
[Black "Ff333"]
[WhiteElo "2010"]
[BlackElo "2140"]
[Result "0-1"]
[Round "1"]
1.e4 e5
2.Ng1f3 Nb8c6
3.d4 exd4
4.Nf3xd4 Qd8f6
5.Bc1e3 b6
6.c3 Bf8c5
7.Qd1d2 h6
8.Nd4b5 Bc5xe3
9.Qd2xe3 Qf6d8
10.Qe3g3 Kf8
11.Nb5xc7 Ra8b8
12.Nc7a6 Rb8a8
13.Na6b4 Ng8f6
14.Nb1d2 Qd8e7
15.Bf1d3 Nc6xb4
16.cxb4 Qe7xb4
17.Ra1b1 Bc8b7
18.Qg3f4 Ra8e8
19.f3 Nf6d5
20.Qf4h4 Qb4d4
21.Bd3e2 Nd5e3
22.Qh4f2 Ne3c2
23.Kf1 Qd4xd2
24.Rb1d1 Nc2e3
{ resign }
0-1

[Event "Tourn. n9165"]
[Site "www.chess-mail.com"]
[Date "2017.03.02"]
[Round "1"]
[White "Rovaniaina"]
[Black "Genius9"]
[WhiteElo "1809"]
[BlackElo "1610"]
[Result "0-1"]
[Round "1"]
1.e4 c6
2.d4 d5
3.Nb1c3 g6
4.Ng1f3 Bf8g7
5.e5 Bc8g4
6.Bf1e2 e6
7.Bc1g5 Ng8e7
8.h3 Bg4xf3
9.Be2xf3 O-O
10.Qd1d2 Nb8d7
11.O-O-O Rf8e8
12.h4 Nd7b6
13.h5 Qd8d7
14.Bg5f6 Nb6c4
15.Qd2d3 Ne7f5
16.hxg6 hxg6
17.Bf6xg7 Kxg7
 { time }
0-1

[Event "Match"]
[Site "www.echecsemail.com"]
[Date "2017.03.02"]
[Round "1"]
[White "Mdesouza"]
[Black "Sonfamen"]
[WhiteElo "2310"]
[BlackElo "1809"]
[Result "1-0"]
[Round "1"]
1.e4 Ng8f6
2.e5 Nf6d5
3.Ng1f3 d6
4.d4 Nb8c6
5.c4 Nd5b4
6.d5 Nc6xe5
7.Nf3xe5 Nb4xd5
8.Ne5xf7  { time }
1-0

[Event "Match"]
[Site "www.echecsemail.com"]
[Date "2017.03.02"]
[Round "1"]
[White "Sonfamen"]
[Black "Krystek23"]
[WhiteElo "1809"]
[BlackElo "2320"]
[Result "0-1"]
[Round "1"]
1.Ng1f3 Ng8f6
2.c4 g6
3.Nb1c3 Bf8g7
4.e3 c5
5.d4 cxd4
6.Nf3xd4 Nb8c6
7.Nd4xc6 bxc6
8.Bf1d3 Bc8b7
9.O-O Qd8c7
10.Qd1e2 Ra8b8
 { time }
0-1

[Event "Match"]
[Site "www.echecsemail.com"]
[Date "2017.03.02"]
[Round "1"]
[White "Sonfamen"]
[Black "Pare123"]
[WhiteElo "1809"]
[BlackElo "2080"]
[Result "0-1"]
[Round "1"]
1.d4 e6
2.Bc1f4 Nb8c6
3.a3 Ng8f6
4.Nb1c3 Bf8e7
5.Nc3b5 Nf6d5
6.Bf4g3 a6
7.Nb5c3 Nd5xc3
8.bxc3 O-O
 { time }
0-1

[Event "Match"]
[Site "www.echecsemail.com"]
[Date "2017.03.02"]
[Round "1"]
[White "Sonfamen"]
[Black "Billyg"]
[WhiteElo "1809"]
[BlackElo "1710"]
[Result "0-1"]
[Round "1"]
1.e4 e6
2.Ng1f3 d5
3.e5 a6
4.d4 Nb8c6
5.Bc1e3 f6
6.exf6 Qd8xf6
7.Nb1c3 Ng8e7
8.Bf1d3 e5
9.dxe5 Nc6xe5
10.Nf3xe5 Qf6xe5
 { time }
0-1